[Event "Nacional Sub 14 Femenino"]
[Site "Santiago de Cali Valle"]
[Date "????.??.??"]
[Round "5.12"]
[White "Maldonado, Lina"]
[Black "Ocampo, Derly"]
[Result "1-0"]
[WhiteElo "1496"]
[BlackElo "1535"]
[PlyCount "77"]
[EventDate "2007.03.30"]

1. c4 e5 2. Nc3 Nc6 3. g3 Nf6 4. Bg2 Bc5 5. Nf3 d6 6. O-O O-O 7. d3 Be6 8. Qb3
Rb8 9. Nd5 Bxd5 10. cxd5 Ne7 11. Nh4 h6 12. e4 g5 13. Nf3 Nh7 14. h4 g4 15. Nh2
h5 16. Bh6 Re8 17. Kh1 Ng6 18. f3 gxf3 19. Bxf3 Qd7 20. Kg2 Nf6 21. Qd1 Bd4 22.
Rb1 Qb5 23. Qe2 c6 24. dxc6 bxc6 25. b3 Rb6 26. Rfd1 Qc5 27. Rd2 a5 28. Rc2 Qa3
29. Rbc1 c5 30. Rc4 Qb2 31. R1c2 Qa1 32. Be3 Bxe3 33. Qxe3 Kg7 34. Qe2 Nf4+ 35.
gxf4 exf4 36. R4c3 Kh6 37. Rc1 Rg8+ 38. Kf2 Qxc1 39. Rxc1 1-0

[Event "Nacional Sub 14 Femenino"]
[Site "Santiago de Cali Valle"]
[Date "????.??.??"]
[Round "5.13"]
[White "Lugo, Adriana"]
[Black "Loaiza, Yurani"]
[Result "0-1"]
[WhiteElo "1500"]
[BlackElo "1411"]
[PlyCount "96"]
[EventDate "2007.03.30"]

1. e4 e5 2. Nf3 Nf6 3. Bc4 Nxe4 4. d3 Nf6 5. Nxe5 d5 6. Bb3 Bd6 7. d4 O-O 8.
O-O Re8 9. Re1 c5 10. c3 Bf5 11. Bg5 cxd4 12. cxd4 Bb4 13. Nc3 Qa5 14. Bxf6
gxf6 15. Nf3 Rxe1+ 16. Qxe1 Be6 17. a3 Bxc3 18. Qxc3 Nc6 19. Qd3 Re8 20. Bc2 f5
21. Qe3 Bd7 22. Qg5+ Kh8 23. Bxf5 Bxf5 24. Qxf5 Kg8 25. h3 Qb6 26. Qg5+ Kf8 27.
Qh6+ Ke7 28. Re1+ Kd7 29. Rxe8 Kxe8 30. Qd2 Na5 31. b4 Nc4 32. Qc3 Qa6 33. Ng5
h6 34. Nh7 Qxa3 35. Nf6+ Kd8 36. Qxa3 Nxa3 37. Nxd5 Nc2 38. Kf1 Nxd4 39. Ke1
Kd7 40. Kd2 Kd6 41. Nc3 a6 42. Kd3 Ne6 43. g3 Ng5 44. h4 Nf3 45. Ke3 Ne5 46. f3
Nc6 47. Na2 Kd5 48. Kd3 Ne5+ {Planilla ilegible
} 0-1

[Event "Nacional Sub 14 Femenino"]
[Site "Santiago de Cali Valle"]
[Date "????.??.??"]
[Round "5.14"]
[White "Zapata, Keila"]
[Black "Agudelo, Alejandra"]
[Result "1-0"]
[WhiteElo "1606"]
[BlackElo "1393"]
[PlyCount "121"]
[EventDate "2007.03.30"]

1. e4 e5 2. Nf3 Nc6 3. Bb5 d6 4. c3 Bd7 5. d4 f6 6. Nh4 Nge7 7. Bxc6 Bxc6 8.
Nd2 exd4 9. cxd4 d5 10. f3 dxe4 11. Nxe4 Bd5 12. Qd3 Nc6 13. Qe3 Be7 14. Nf5
O-O 15. O-O Re8 16. Qf2 Be6 17. Ne3 Nxd4 18. Rd1 c5 19. Nc2 Qc8 20. Nxd4 cxd4
21. a3 Qd7 22. b4 f5 23. Ng3 Bf6 24. Bb2 Rad8 25. Nh5 Qe7 26. Nxf6+ Qxf6 27.
Bxd4 Qf7 28. Bxa7 Rxd1+ 29. Rxd1 Qc7 30. Re1 Qc3 31. Qe3 Qxe3+ 32. Rxe3 Kf7 33.
a4 Bd7 34. Rxe8 Bxe8 35. a5 Bb5 36. Kf2 Ke6 37. Ke3 Kd5 38. Kf4 g6 39. Kg5 Kc4
40. Bc5 Kd3 41. Kh6 Ke2 42. Kxh7 Be8 43. b5 Bxb5 44. Kxg6 Kf1 45. Kxf5 Kxg2 46.
h4 Kxf3 47. h5 Bd7+ 48. Kg6 Be8+ 49. Kg5 Bxh5 50. Kxh5 Ke4 51. Kg5 Kd5 52. Bb6
Kc6 53. Kf6 Kb5 54. Ke7 Ka6 55. Kd8 Kb5 56. Kc7 Ka6 57. Kc8 Kb5 58. Kxb7 Kc4
59. a6 Kb4 60. a7 Kc4 61. a8=Q 1-0

[Event "Nacional Sub 14 Femenino"]
[Site "Santiago de Cali Valle"]
[Date "????.??.??"]
[Round "5.15"]
[White "Garzon, Laura"]
[Black "Ruiz, Justine"]
[Result "1/2-1/2"]
[WhiteElo "1500"]
[BlackElo "1536"]
[PlyCount "80"]
[EventDate "2007.03.30"]

1. e4 e5 2. Nf3 Nc6 3. Bc4 Bc5 4. d3 h6 5. Nc3 Nf6 6. Be3 Bb6 7. O-O d6 8. h3
O-O 9. Nh2 Be6 10. Bb3 Re8 11. Bxb6 axb6 12. f4 Qe7 13. fxe5 dxe5 14. Qf3 Bxb3
15. axb3 Nd4 16. Qd1 Rxa1 17. Qxa1 Nxc2 18. Qc1 Nd4 19. Qd1 Qe6 20. b4 Qb3 21.
Qxb3 Nxb3 22. Nf3 c6 23. Rd1 c5 24. b5 Nd4 25. Kf2 Kf8 26. Ra1 Nxf3 27. Kxf3
Rd8 28. Ke3 Ke7 29. Ra7 Rd7 30. Na4 Rc7 31. Nxb6 Ke6 32. Nc4 Ne8 33. Kd2 Nd6
34. Nxd6 Kxd6 35. Kc3 b6 36. Rxc7 Kxc7 37. Kc4 Kd6 38. g4 f6 39. h4 g5 40. h5
Ke6 1/2-1/2

[Event "Nacional Sub 14 Femenino"]
[Site "Santiago de Cali Valle"]
[Date "????.??.??"]
[Round "5.16"]
[White "Rodriguez, Sofia"]
[Black "Bonilla, Camila"]
[Result "0-1"]
[WhiteElo "1469"]
[BlackElo "1300"]
[PlyCount "60"]
[EventDate "2007.03.30"]

1. e4 e5 2. Nf3 Nc6 3. Bb5 Nf6 4. O-O Nxe4 5. d4 exd4 6. Nxd4 Bc5 7. c3 Qf6 8.
Bxc6 dxc6 9. Nd2 Nxd2 10. Qxd2 O-O 11. b4 Bxd4 12. cxd4 b6 13. Bb2 Qg6 14. Qe3
Bb7 15. Qf3 Rab8 16. Rfe1 c5 17. d5 cxb4 18. Re3 Rfd8 19. Rae1 f6 20. Qg3 Qxg3
21. hxg3 Bxd5 22. Re7 Rbc8 23. Rd1 Bxa2 24. Rxd8+ Rxd8 25. Rxc7 Rd1+ 26. Kh2 a6
27. g4 Rd2 28. Bc1 Rxf2 29. g5 Bd5 30. gxf6 Rxg2+ 0-1

[Event "Nacional Sub 14 Femenino"]
[Site "Santiago de Cali Valle"]
[Date "????.??.??"]
[Round "5.17"]
[White "Barbosa, Linda"]
[Black "Fiesco, Valentina"]
[Result "1/2-1/2"]
[WhiteElo "1461"]
[BlackElo "1592"]
[PlyCount "100"]
[EventDate "2007.03.30"]

1. e4 e5 2. Nf3 Nf6 3. Nc3 Nc6 4. Bc4 Bb4 5. d3 d6 6. h3 Bd7 7. O-O O-O 8. Bd2
a6 9. a3 Bc5 10. Qe2 Nd4 11. Nxd4 Bxd4 12. Qf3 b5 13. Bb3 c5 14. Rae1 b4 15.
axb4 cxb4 16. Nd1 a5 17. c3 Bc5 18. cxb4 axb4 19. Be3 Qe8 20. Qg3 Nh5 21. Qh4
Nf6 22. f4 exf4 23. Rxf4 Qe5 24. Rf3 Ra1 25. Qf2 Bxe3 26. Qxe3 Rc8 27. d4 Qh5
28. Rg3 Rcc1 29. Qf3 Qxf3 30. gxf3 Be6 31. d5 Bd7 32. Kf2 Ba4 33. Bxa4 Rxa4 34.
Rg5 Raa1 35. Ke2 h6 36. Rf5 Kf8 37. e5 dxe5 38. Rxe5 Rc8 39. Kd2 Ra7 40. Ne3
Re8 41. Rxe8+ Nxe8 42. Nc4 Nc7 43. d6 Ne6 44. h4 Nd4 45. Re3 Ne6 46. Kc2 Rd7
47. Kb3 Nd4+ 48. Ka2 Ra7+ 49. Kb1 b3 50. Rd3 Ne6 1/2-1/2

[Event "Nacional Sub 14 Femenino"]
[Site "Santiago de Cali Valle"]
[Date "????.??.??"]
[Round "5.18"]
[White "Muñoz, Diana"]
[Black "Mesa, Brenda"]
[Result "0-1"]
[WhiteElo "1442"]
[BlackElo "1550"]
[PlyCount "134"]
[EventDate "2007.03.30"]

1. e4 e5 2. Nf3 Nc6 3. Bb5 a6 4. Ba4 Nf6 5. O-O Be7 6. Re1 b5 7. Bb3 O-O 8. c3
d6 9. h3 Nb8 10. d4 Nbd7 11. Nbd2 Bb7 12. Bc2 Re8 13. Nf1 Bf8 14. Ng3 g6 15.
Bg5 Bg7 16. d5 Nc5 17. b4 Na4 18. Qd2 c5 19. Rad1 cxb4 20. cxb4 Rc8 21. Bxa4
bxa4 22. Rc1 Qd7 23. Qd3 Rc7 24. Rc3 Rec8 25. Rec1 Rxc3 26. Rxc3 Rxc3 27. Qxc3
Qb5 28. a3 a5 29. Bxf6 Bxf6 30. h4 axb4 31. Qxb4 Qa6 32. Ng5 Bxg5 33. hxg5 Kf8
34. Nf1 Ke7 35. Ne3 Kd7 36. g3 Kc7 37. Qc4+ Kb8 38. Qxa6 Bxa6 39. f4 Kc7 40.
fxe5 dxe5 41. Kf2 Kd6 42. Ke1 Bd3 43. Kd2 Bxe4 44. Kc3 Bxd5 45. Nxd5 Kxd5 46.
Kd3 e4+ 47. Ke3 Ke5 48. Ke2 Kd4 49. g4 e3 50. Ke1 Ke4 51. Ke2 Kf4 52. Kd3 Kf3
53. Kc2 e2 54. Kd2 Kf2 55. Kd3 e1=Q 56. Kd4 Qe3+ 57. Kc4 Qd2 58. Kc5 Ke3 59.
Kb5 Qc2 60. Kb6 Kd4 61. Kb7 Kd5 62. Ka6 Qc5 63. Kb7 Qc6+ 64. Ka7 Qb5 65. Ka8
Kd6 66. Ka7 Kc6 67. Ka8 Qb7# 0-1

[Event "Nacional Sub 14 Femenino"]
[Site "Santiago de Cali Valle"]
[Date "????.??.??"]
[Round "5.19"]
[White "Rios, Jessica"]
[Black "Garcia, Linda"]
[Result "0-1"]
[WhiteElo "1400"]
[BlackElo "1500"]
[PlyCount "94"]
[EventDate "2007.03.30"]

1. e4 c5 2. Nf3 d6 3. d4 cxd4 4. Nxd4 Nf6 5. Nc3 a6 6. Bd3 Nbd7 7. f4 e6 8. Be3
Be7 9. Bc4 b5 10. Bb3 b4 11. Nc6 Qc7 12. Nxb4 Bb7 13. Qf3 O-O 14. O-O-O a5 15.
Nd3 Rad8 16. g3 d5 17. exd5 Nxd5 18. Bxd5 exd5 19. Nxd5 Bxd5 20. Qxd5 Nf6 21.
Qf5 Rc8 22. Rd2 g6 23. Qg5 Ne4 24. Qe5 Qxe5 25. Nxe5 Nxd2 26. Bxd2 Bb4 27. c3
Rfd8 28. a3 Be7 29. Rd1 Bf6 30. Ng4 Bg7 31. Re1 f5 32. Nf2 Re8 33. Rd1 Re2 34.
Nd3 Rd8 35. Kc2 Rxh2 36. Nc5 Rg2 37. Ne6 Rd6 38. Nc5 Rxg3 39. Nb7 Ra6 40. Nc5
Ra8 41. Na4 h5 42. Be1 Rg1 43. Nb6 Rb8 44. Nd7 Rd8 45. Bf2 Rxd1 46. Nc5 R8d2+
47. Kb3 Rxf2 0-1

[Event "Nacional Sub 14 Femenino"]
[Site "Santiago de Cali Valle"]
[Date "????.??.??"]
[Round "5.20"]
[White "Tascon, Juliana"]
[Black "Fong, Shueling"]
[Result "0-1"]
[WhiteElo "1300"]
[BlackElo "1396"]
[PlyCount "82"]
[EventDate "2007.03.30"]

1. e4 e5 2. Nf3 Nc6 3. Nc3 Bc5 4. d3 Nf6 5. Na4 Bd6 6. c3 b5 7. d4 bxa4 8. Be2
Nxe4 9. Bg5 Nxg5 10. Nxg5 Qxg5 11. dxe5 Bxe5 12. Qd2 Qxg2 13. Rf1 d5 14. Rd1
Bxh2 15. c4 O-O 16. b4 axb3 17. cxd5 Rd8 18. Bc4 Qe4+ 19. Qe2 Qxe2+ 20. Kxe2
Bg4+ 21. f3 Nd4+ 22. Ke3 Nxf3 23. axb3 Re8+ 24. Kf2 Ne5 25. Bb5 Bxd1 26. Rxd1
Ng4+ 27. Kf3 Reb8 28. Kxg4 Rxb5 29. Kh3 Bd6 30. Kh4 Rxb3 31. Kg4 Rb4+ 32. Kf3
Rf4+ 33. Ke3 Re8+ 34. Kd3 Re5 35. Rb1 Rxd5+ 36. Ke2 c5 37. Rb8+ Bxb8 38. Ke1
Re4+ 39. Kf1 Rf5+ 40. Kg1 Rg4+ 41. Kh1 Rf1# 0-1

[Event "Nacional Sub 14 Femenino"]
[Site "Santiago de Cali Valle"]
[Date "????.??.??"]
[Round "5.21"]
[White "Garcia, Mildrey"]
[Black "Loaiza, Angelica"]
[Result "1-0"]
[WhiteElo "1373"]
[BlackElo "1300"]
[PlyCount "33"]
[EventDate "2007.03.30"]

1. e4 e5 2. Nf3 Nc6 3. Nc3 d6 4. d3 Nf6 5. Bg5 Be7 6. a3 h6 7. Bh4 O-O 8. Be2
Na5 9. h3 c6 10. b4 b6 11. bxa5 bxa5 12. d4 exd4 13. Nxd4 Bb7 14. Nf3 d5 15. e5
Ne8 16. Bxe7 Qxe7 17. Bd3 {Planilla ilegible} 1-0

[Event "Nacional Sub 14 Femenino"]
[Site "Santiago de Cali Valle"]
[Date "????.??.??"]
[Round "6.1"]
[White "Salazar, Aura"]
[Black "Fiesco, Ivon"]
[Result "1-0"]
[WhiteElo "1663"]
[BlackElo "1654"]
[PlyCount "47"]
[EventDate "2007.03.30"]

1. e4 e5 2. Nc3 Nc6 3. f4 d6 4. Nf3 g6 5. Bb5 f6 6. O-O Bd7 7. fxe5 dxe5 8. Bc4
Bc5+ 9. Kh1 Na5 10. Nxe5 fxe5 11. Bf7+ Kf8 12. Bxg6+ Kg7 13. Bf5 Nf6 14. Nd5
Bxf5 15. Rxf5 Rf8 16. Qf3 Nxd5 17. Qg3+ Kh8 18. Qxe5+ Rf6 19. exd5 Kg7 20. d4
Bd6 21. Bh6+ Kf7 22. Qe4 Kg8 23. Bg5 Rxf5 24. Bxd8 1-0

[Event "Nacional Sub 14 Femenino"]
[Site "Santiago de Cali Valle"]
[Date "????.??.??"]
[Round "6.2"]
[White "Granada, Angie"]
[Black "Pachon, Adriana"]
[Result "0-1"]
[WhiteElo "1671"]
[BlackElo "1680"]
[PlyCount "82"]
[EventDate "2007.03.30"]

1. e4 e5 2. Nc3 Nf6 3. f4 Bc5 4. fxe5 Nxe4 5. Nxe4 Qh4+ 6. Ng3 Bxg1 7. Rxg1
Qxh2 8. Ne2 Qxe5 9. d4 Qf6 10. Bf4 d6 11. Qd2 Nc6 12. O-O-O Bg4 13. Re1 O-O 14.
d5 Ne5 15. Nc3 Bd7 16. Be2 Rfe8 17. Rh1 h6 18. Ne4 Qg6 19. Bh5 Qh7 20. Nc3 Ng6
21. Be3 Ne5 22. Bd4 Nc4 23. Qf2 Bf5 24. Bxf7+ Kxf7 25. g4 Kg8 26. gxf5 Rf8 27.
Ref1 Rf7 28. Qe2 Nb6 29. Qg4 Raf8 30. Rhg1 h5 31. Qg5 Nd7 32. f6 h4 33. Rf2 Re8
34. fxg7 Rxf2 35. Bxf2 Ne5 36. Qg4 Nxg4 37. Rxg4 h3 38. Rh4 Qxg7 39. Bd4 Qg5+
40. Kd1 Qxh4 41. Bg1 h2 0-1

[Event "Nacional Sub 14 Femenino"]
[Site "Santiago de Cali Valle"]
[Date "????.??.??"]
[Round "6.3"]
[White "Melisa , Castrillon"]
[Black "Calderon, Karen"]
[Result "0-1"]
[WhiteElo "1618"]
[BlackElo "1483"]
[PlyCount "106"]
[EventDate "2007.03.30"]

1. e4 c5 2. Nf3 d6 3. d4 cxd4 4. Nxd4 Nf6 5. Nc3 a6 6. f3 Nc6 7. Be3 e6 8. Qd2
Qc7 9. g4 h6 10. O-O-O b5 11. h4 Bb7 12. Bh3 Ne5 13. g5 Nc4 14. Qf2 Nxe3 15.
Qxe3 b4 16. Nce2 Nd7 17. g6 e5 18. gxf7+ Kxf7 19. Qb3+ Ke8 20. Nf5 Nc5 21. Qxb4
a5 22. Qd2 Ba6 23. Nc3 Nb7 24. Qd5 Bc4 25. Nb5 Bxb5 26. Qxb5+ Kd8 27. Qxe5 Ra6
28. Qc3 Rc6 29. Qd3 Ke8 30. Bg4 h5 31. Bh3 a4 32. Nd4 Rb6 33. Bf5 Nc5 34. Qc4
Rh6 35. Rhg1 Qb8 36. b3 axb3 37. axb3 Rf6 38. Bg6+ Kd7 39. Bxh5 Qa7 40. Bg4+
Kd8 41. Qc3 Ra6 42. Rge1 Be7 43. Kd2 Qb8 44. Ra1 d5 45. e5 Rh6 46. Nf5 Ne4+ 47.
Rxe4 dxe4 48. Nxh6 Bb4 49. Rxa6 Bxc3+ 50. Kxc3 Qxe5+ 51. Kd2 e3+ 52. Ke1 Qc3+
53. Ke2 Qd2+ 0-1

[Event "Nacional Sub 14 Femenino"]
[Site "Santiago de Cali Valle"]
[Date "????.??.??"]
[Round "6.4"]
[White "Castro, Natalia"]
[Black "Zambrano, Jenny"]
[Result "1-0"]
[WhiteElo "1655"]
[BlackElo "1411"]
[PlyCount "111"]
[EventDate "2007.03.30"]

1. e4 d5 2. exd5 Nf6 3. Bb5+ Bd7 4. Be2 Nxd5 5. d4 Nc6 6. Nf3 Bg4 7. O-O e6 8.
c4 Nf6 9. Be3 Be7 10. Nc3 O-O 11. h3 Bh5 12. a3 a5 13. Qd2 Rb8 14. g4 Bg6 15.
d5 exd5 16. cxd5 Nb4 17. axb4 axb4 18. Na2 Nxd5 19. Rad1 c6 20. Ne5 Be4 21. f3
Bg6 22. Nxg6 fxg6 23. Bc4 b5 24. Bxd5+ cxd5 25. Qxd5+ Qxd5 26. Rxd5 Rfc8 27.
Rc1 b3 28. Rxc8+ Rxc8 29. Nc3 b4 30. Nd1 Kf7 31. Rd3 Rd8 32. Rxd8 Bxd8 33. Bc5
Ba5 34. Nf2 Ke6 35. Nd3 Kd5 36. Bxb4 Bxb4 37. Nxb4+ Kc4 38. Nc6 Kd3 39. Na5 Kc2
40. Nc4 Kd3 41. Na3 h5 42. Kf2 h4 43. f4 Ke4 44. f5 gxf5 45. gxf5 Kxf5 46. Kf3
g5 47. Nc4 Ke6 48. Nd2 Kd5 49. Nxb3 Kc4 50. Nd2+ Kd3 51. b4 Kd4 52. Kg4 Kd5 53.
Kxg5 Kc6 54. Kxh4 Kb5 55. Kg5 Kxb4 56. h4 1-0

[Event "Nacional Sub 14 Femenino"]
[Site "Santiago de Cali Valle"]
[Date "????.??.??"]
[Round "6.5"]
[White "Renteria, Manuela"]
[Black "Chirivi, Angie"]
[Result "1/2-1/2"]
[WhiteElo "1605"]
[BlackElo "1543"]
[PlyCount "71"]
[EventDate "2007.03.30"]

1. e4 e5 2. Nf3 Nc6 3. Bb5 a6 4. Ba4 Nf6 5. O-O Be7 6. Bxc6 dxc6 7. Qe1 O-O 8.
Nxe5 Bc5 9. d3 Re8 10. Nf3 Bg4 11. Nbd2 Re6 12. h3 Bh5 13. a3 Nd7 14. b4 Bb6
15. Bb2 Rg6 16. c4 c5 17. bxc5 Ba5 18. Qe3 Bxd2 19. Nxd2 Qh4 20. Rae1 Re8 21.
Kh1 f5 22. e5 f4 23. Qe4 Nxc5 24. Qd5+ Ne6 25. Nf3 Bxf3 26. Qxf3 Ng5 27. Qg4
Qxg4 28. hxg4 Rh6+ 29. Kg1 f3 30. Bc1 fxg2 31. Kxg2 Rg6 32. Bxg5 Rxg5 33. f4
Rxg4+ 34. Kf3 Rg6 35. f5 Rh6 36. Kg4 1/2-1/2

[Event "Nacional Sub 14 Femenino"]
[Site "Santiago de Cali Valle"]
[Date "????.??.??"]
[Round "6.6"]
[White "Zapata, Zuleidy"]
[Black "Pulido, Lina"]
[Result "1/2-1/2"]
[WhiteElo "1650"]
[BlackElo "1505"]
[PlyCount "109"]
[EventDate "2007.03.30"]

1. e4 e5 2. Nf3 Nc6 3. Bb5 Nge7 4. c3 g6 5. d4 exd4 6. cxd4 d5 7. e5 h6 8. O-O
Bg7 9. Re1 O-O 10. h3 Bd7 11. Ba4 Re8 12. Nc3 Nb8 13. Bb3 Be6 14. Bf4 Nf5 15.
Bc2 g5 16. Bxf5 Bxf5 17. Be3 g4 18. hxg4 Bxg4 19. Bf4 c6 20. Re3 Re6 21. Qd2
Rg6 22. Nh2 Be6 23. Rg3 Rxg3 24. Bxg3 Nd7 25. Bf4 Kh7 26. Qd3+ Kh8 27. Re1 Nf8
28. Qg3 Ng6 29. Bc1 Qh4 30. Qxh4 Nxh4 31. Ne2 Nf5 32. g4 Nh4 33. Rd1 Rg8 34.
Kh1 Bf8 35. Rg1 c5 36. Be3 b6 37. f4 Bd7 38. f5 Bb5 39. Nf4 Bc6 40. e6 fxe6 41.
Nxe6 Bd6 42. Rf1 Bb5 43. Rf2 Kh7 44. dxc5 bxc5 45. Bxc5 Bxc5 46. Nxc5 Rc8 47.
b4 d4 48. Nf3 Nxf3 49. Rxf3 Bc6 50. Kg2 Bxf3+ 51. Kxf3 Rd8 52. Ke4 Rb8 53. a3
Rg8 54. Kf4 Re8 55. Ne6 1/2-1/2

[Event "Nacional Sub 14 Femenino"]
[Site "Santiago de Cali Valle"]
[Date "????.??.??"]
[Round "6.7"]
[White "Chavez, Diana"]
[Black "Moreno, Ana"]
[Result "1-0"]
[WhiteElo "1603"]
[BlackElo "1634"]
[PlyCount "47"]
[EventDate "2007.03.30"]

1. d4 d5 2. Nf3 Nf6 3. c4 c6 4. Nc3 e6 5. Bg5 Nbd7 6. e3 b6 7. cxd5 exd5 8. Bd3
Be7 9. Rc1 O-O 10. O-O Bb7 11. a3 c5 12. Bf4 Rc8 13. Bf5 Rc6 14. Nb5 Rc8 15.
Re1 a6 16. Nc3 Ne4 17. Nxe4 dxe4 18. Ne5 Rc7 19. Nxd7 Rxd7 20. Bxd7 Qxd7 21.
dxc5 Qxd1 22. Rexd1 Bxc5 23. b4 Be7 24. Rc7 1-0

[Event "Nacional Sub 14 Femenino"]
[Site "Santiago de Cali Valle"]
[Date "????.??.??"]
[Round "6.8"]
[White "Monsalve, Luz"]
[Black "Maldonado , Lina"]
[Result "1-0"]
[WhiteElo "1613"]
[BlackElo "1496"]
[PlyCount "61"]
[EventDate "2007.03.30"]

1. e4 e6 2. d4 d5 3. Nc3 Bb4 4. e5 c5 5. a3 Bxc3+ 6. bxc3 Qc7 7. Nf3 Nc6 8. Bd3
Bd7 9. O-O f6 10. exf6 Nxf6 11. Re1 O-O 12. g3 c4 13. Bf1 Ne4 14. Re3 Rf6 15.
a4 Raf8 16. Ba3 R8f7 17. Qe2 e5 18. Rd1 Bg4 19. Bg2 Qd7 20. dxe5 Nxe5 21. Nxe5
Bxe2 22. Nxd7 Rxd7 23. Rxe2 Nxc3 24. Re8+ Kf7 25. Rf8+ Kg6 26. Rxf6+ Kxf6 27.
Bb2 d4 28. Bxc3 Kf5 29. Bh3+ Kg5 30. Bd2+ Kh5 31. Bxd7 1-0

[Event "Nacional Sub 14 Femenino"]
[Site "Santiago de Cali Valle"]
[Date "????.??.??"]
[Round "6.9"]
[White "Mora, Monica"]
[Black "Loaiza, Yurany"]
[Result "1/2-1/2"]
[WhiteElo "1688"]
[BlackElo "1411"]
[PlyCount "55"]
[EventDate "2007.03.30"]

1. e4 e5 2. Nf3 Nf6 3. Nxe5 d6 4. Nf3 Nxe4 5. Qe2 Qe7 6. d3 Nf6 7. Bg5 Qxe2+ 8.
Bxe2 Be7 9. O-O O-O 10. h3 c6 11. Re1 Re8 12. Bf1 Kf8 13. Nc3 Bf5 14. g4 Bg6
15. Nh4 d5 16. Bxf6 Bxf6 17. Nxg6+ hxg6 18. Rxe8+ Kxe8 19. Rb1 Nd7 20. Ne2 Ne5
21. Bg2 Ke7 22. Ng3 Kd6 23. b3 Re8 24. Kf1 Re7 25. Re1 Re6 26. f4 Nd7 27. Rxe6+
Kxe6 28. f5+ {Planilla ilegible} 1/2-1/2

[Event "Nacional Sub 14 Femenino"]
[Site "Santiago de Cali Valle"]
[Date "????.??.??"]
[Round "6.10"]
[White "Rodriguez, Paula"]
[Black "Zapata, Keila"]
[Result "1-0"]
[WhiteElo "1705"]
[BlackElo "1606"]
[PlyCount "89"]
[EventDate "2007.03.30"]

1. d4 d5 2. c4 e6 3. Nf3 Nf6 4. Nc3 Nbd7 5. e3 Be7 6. Bd3 b6 7. O-O O-O 8. Re1
Bb7 9. cxd5 exd5 10. Qc2 h6 11. e4 Bb4 12. e5 Ne4 13. Bxe4 dxe4 14. Nd2 Bxc3
15. Qxc3 f5 16. f3 exf3 17. Nxf3 c5 18. e6 Bxf3 19. e7 Qe8 20. exf8=Q+ Qxf8 21.
Qxf3 cxd4 22. Qd5+ Qf7 23. Qxa8+ Kh7 24. Qe8 Qd5 25. Qe6 Qa5 26. Rf1 Ne5 27.
Qxf5+ Kh8 28. Bf4 Nf3+ 29. Rxf3 Qxf5 30. Raf1 Qd5 31. b3 b5 32. Bg3 a6 33. Rd3
Qc5 34. Rfd1 Qa3 35. R1d2 Qc1+ 36. Kf2 Kh7 37. Be5 Qc6 38. Bxd4 Qb7 39. Kg1 Qf7
40. h3 Qf4 41. Bb2 Qf7 42. Rd7 Qg8 43. Rxg7+ Qxg7 44. Bxg7 Kxg7 45. Rd7+ 1-0

[Event "Nacional Sub 14 Femenino"]
[Site "Santiago de Cali Valle"]
[Date "????.??.??"]
[Round "6.11"]
[White "Bonilla, Camila"]
[Black "Baquero, Yuri"]
[Result "0-1"]
[WhiteElo "1300"]
[BlackElo "1631"]
[PlyCount "106"]
[EventDate "2007.03.30"]

1. e4 d5 2. exd5 Nf6 3. Nc3 Nxd5 4. Nxd5 Qxd5 5. b3 Qd8 6. Bc4 Bf5 7. h3 e6 8.
Nf3 Bd6 9. O-O Nd7 10. d3 Qf6 11. Rb1 Ne5 12. Bb2 O-O-O 13. Qe2 Nxf3+ 14. Qxf3
Qg6 15. h4 h5 16. Rfe1 Be7 17. Qg3 Qxg3 18. fxg3 Rdg8 19. Bd4 a6 20. c3 b5 21.
Bxb5 axb5 22. Red1 Rh6 23. c4 bxc4 24. bxc4 Rg6 25. Rb3 Rxg3 26. Ba7 Kd7 27. d4
Rxb3 28. axb3 Bxh4 29. d5 Ke7 30. dxe6 Bxe6 31. Bc5+ Ke8 32. Rd2 Be7 33. Bxe7
Kxe7 34. Re2 Rb8 35. Re3 Kd6 36. Rd3+ Kc5 37. Rg3 g6 38. Rg5+ Kb4 39. Rg3 Ka3
40. Kh2 Rxb3 41. Rxb3+ Kxb3 42. c5 Kb4 43. Kg3 Kxc5 44. Kf4 Kb4 45. Kg5 c5 46.
Kf6 c4 47. Kg7 c3 48. Kh6 c2 49. g4 c1=Q+ 50. Kg7 f5 51. gxf5 gxf5 52. Kg6 Qg1+
53. Kxh5 Bf7+ 0-1

[Event "Nacional Sub 14 Femenino"]
[Site "Santiago de Cali Valle"]
[Date "????.??.??"]
[Round "6.12"]
[White "Mesa, Brenda"]
[Black "Ruiz, Camila"]
[Result "0-1"]
[WhiteElo "1550"]
[BlackElo "1500"]
[PlyCount "62"]
[EventDate "2007.03.30"]

1. e4 c5 2. Nf3 d6 3. d4 cxd4 4. Nxd4 Nf6 5. Nc3 e5 6. Nb3 a6 7. Be3 Be6 8. f3
Be7 9. Qd2 Nbd7 10. O-O-O O-O 11. g4 b5 12. g5 Nh5 13. h4 Nb6 14. Bxb6 Qxb6 15.
Qg2 Rfd8 16. Be2 Nf4 17. Qh2 Nxe2+ 18. Qxe2 Qc6 19. Rdg1 d5 20. h5 d4 21. Nd1
d3 22. Qd2 a5 23. Kb1 Bxb3 24. axb3 a4 25. bxa4 Rxa4 26. g6 h6 27. gxf7+ Kxf7
28. Rg2 Bg5 29. Qf2 Rda8 30. b3 Ra1+ 31. Kb2 R8a2# 0-1

[Event "Nacional Sub 14 Femenino"]
[Site "Santiago de Cali Valle"]
[Date "????.??.??"]
[Round "6.13"]
[White "Ruiz, Justine"]
[Black "Lugo, Luz Adriana"]
[Result "1/2-1/2"]
[WhiteElo "1536"]
[BlackElo "1500"]
[PlyCount "39"]
[EventDate "2007.03.30"]

1. e4 e5 2. Nf3 Nc6 3. Bc4 Bc5 4. c3 Qe7 5. d3 Nf6 6. O-O O-O 7. Bg5 h6 8. Bh4
d6 9. h3 Be6 10. Nbd2 Bxc4 11. Nxc4 Qe6 12. Qe2 Rfe8 13. Rfe1 Nh5 14. Qd2 Qg6
15. Rad1 Nf4 16. Bg3 Nh5 17. Bh4 Nf4 18. Bg3 Nh5 19. Bh4 Nf4 20. Bg3 1/2-1/2

[Event "Nacional Sub 14 Femenino"]
[Site "Santiago de Cali Valle"]
[Date "????.??.??"]
[Round "6.14"]
[White "Ocampo, Derly"]
[Black "Barbosa, Linda"]
[Result "1-0"]
[WhiteElo "1535"]
[BlackElo "1461"]
[PlyCount "75"]
[EventDate "2007.03.30"]

1. e4 e5 2. Nf3 Nc6 3. Bc4 Bc5 4. c3 Nf6 5. d4 exd4 6. e5 Qe7 7. cxd4 Bb6 8.
O-O Nh5 9. Ng5 g6 10. Nxf7 Rf8 11. Ng5 Nxd4 12. Nc3 c6 13. Na4 Ne6 14. Nxe6
dxe6 15. Nxb6 axb6 16. Be3 b5 17. Be2 Qd7 18. Bxh5 gxh5 19. Qxh5+ Qf7 20. Qxf7+
Rxf7 21. Rfd1 Bd7 22. a3 Rg7 23. Rd4 c5 24. Rd6 Rc8 25. Rc1 c4 26. f4 Rf7 27.
g3 Bc6 28. Rxe6+ Kf8 29. Bc5+ Kg8 30. Bd6 Bd5 31. Re7 Rxe7 32. Bxe7 Kf7 33. Rd1
Kxe7 34. Rxd5 Rd8 35. Rxb5 Rd1+ 36. Kg2 Rd2+ 37. Kh3 Rd7 38. Rc5 1-0

[Event "Nacional Sub 14 Femenino"]
[Site "Santiago de Cali Valle"]
[Date "????.??.??"]
[Round "6.15"]
[White "Fong, Shueling"]
[Black "Zamora, Isabela"]
[Result "1-0"]
[WhiteElo "1396"]
[BlackElo "1507"]
[PlyCount "61"]
[EventDate "2007.03.30"]

1. e4 e5 2. Nf3 d6 3. Bc4 Be7 4. c3 c6 5. d4 b5 6. Bb3 Nd7 7. O-O Ngf6 8. Re1
O-O 9. Nbd2 Qc7 10. Nf1 Bb7 11. Ng3 g6 12. Bh6 Rfe8 13. Ng5 Bf8 14. Bxf7+ Kh8
15. Bxe8 Rxe8 16. Bxf8 Rxf8 17. Ne6 Qc8 18. Nxf8 Qxf8 19. h3 Qe7 20. a4 a6 21.
axb5 cxb5 22. b3 Kg7 23. h4 h5 24. Re3 Qe6 25. d5 Qe7 26. c4 bxc4 27. bxc4 Nh7
28. Rf3 Qxh4 29. Rf5 Qe7 30. Rb1 Nc5 31. Rb6 1-0

[Event "Nacional Sub 14 Femenino"]
[Site "Santiago de Cali Valle"]
[Date "????.??.??"]
[Round "6.16"]
[White "Garcia, Linda"]
[Black "Gaviria, Angelica"]
[Result "0-1"]
[WhiteElo "1500"]
[BlackElo "1322"]
[PlyCount "38"]
[EventDate "2007.03.30"]

1. e4 e5 2. Nc3 Nc6 3. f4 exf4 4. Nf3 Bb4 5. d4 Bxc3+ 6. bxc3 Nf6 7. Bd3 d6 8.
Bxf4 b6 9. O-O O-O 10. Qd2 Ne7 11. e5 dxe5 12. Nxe5 Bb7 13. Bg5 Ned5 14. c4 Ne7
15. Bxf6 gxf6 16. Rxf6 Qxd4+ 17. Qf2 Qxa1+ 18. Bf1 Qxe5 19. Bd3 Ng6 0-1

[Event "Nacional Sub 14 Femenino"]
[Site "Santiago de Cali Valle"]
[Date "????.??.??"]
[Round "6.17"]
[White "Chamorro, Maryuri"]
[Black "Garzon, Laura"]
[Result "0-1"]
[WhiteElo "1339"]
[BlackElo "1500"]
[PlyCount "70"]
[EventDate "2007.03.30"]

1. e4 e5 2. Nf3 Nc6 3. Nc3 Nf6 4. Bb5 d6 5. O-O Bd7 6. d4 exd4 7. Nxd4 Nxd4 8.
Bxd7+ Qxd7 9. Qxd4 h6 10. h3 Be7 11. e5 dxe5 12. Qxe5 O-O 13. Nb5 c6 14. Nc3
Rfe8 15. Rd1 Qc8 16. Qg3 Kh7 17. Qd3+ Kh8 18. Qc4 Qe6 19. Qxe6 fxe6 20. Re1 Bd6
21. Be3 Rad8 22. Bxa7 Bb4 23. Rad1 Ra8 24. Bd4 Bxc3 25. Bxc3 Rxa2 26. Kh2 Raa8
27. Bb4 Kg8 28. Kg3 Kf7 29. Kf4 Rad8 30. Rxd8 Rxd8 31. h4 Rd4+ 32. Ke5 Rxb4 33.
b3 Rb5+ 34. Kd6 Rd5+ 35. Kc7 Rd7+ 0-1